Điều vĩ đại đời thường = The Greatness guide

Những đúc kết của tác giả về nghệ thuật lãnh đạo và phát triển bản thân giúp bạn biết nắm lấy những cơ hội, biết dùng thời gian và trí tuệ một cách hiệu quả nhất để đạt được thành công trong cuộc sống, công việc, kinh doanh...

全面介绍

Đã lưu trong:
书目详细资料
主要作者: Sharma, Robin
格式: 图书
语言:Undetermined
出版: Thành phố Hồ Chí Minh Trẻ 2014
主题:
标签: 添加标签
没有标签, 成为第一个标记此记录!
Thư viện lưu trữ: Trung tâm Học liệu Trường Đại học Cần Thơ
LEADER 01134nam a2200229Ia 4500
001 CTU_196702
008 210402s9999 xx 000 0 und d
020 |c 73000 
082 |a 158.1 
082 |b S531 
100 |a Sharma, Robin 
245 0 |a Điều vĩ đại đời thường = 
245 4 |b The Greatness guide 
245 0 |c Robin Sharma ; Phạm Anh Tuấn dịch 
260 |a Thành phố Hồ Chí Minh 
260 |b Trẻ 
260 |c 2014 
520 |a Những đúc kết của tác giả về nghệ thuật lãnh đạo và phát triển bản thân giúp bạn biết nắm lấy những cơ hội, biết dùng thời gian và trí tuệ một cách hiệu quả nhất để đạt được thành công trong cuộc sống, công việc, kinh doanh 
650 |a Success,Success in business,Thành công,Thành công trong kinh doanh 
650 |x Psychological aspects,Psychological aspects,Khía cạnh tâm lý,Khía cạnh tâm lý 
904 |i Nguyên 
980 |a Trung tâm Học liệu Trường Đại học Cần Thơ